00251nam a2200109Ia 4500008004100000100002000041245003400061260000800095260000900103546001200112999001700124170619s9999 xx 000 0 und d aMott- Robert L. 0aApplied Strength of Materials bPHI c2009 aENGLISH c20206d20206